<?xml version="1.0" encoding="UTF-8"?>
<record
    xmlns:xsi="http://www.w3.org/2001/XMLSchema-instance"
    xsi:schemaLocation="http://www.loc.gov/MARC21/slim http://www.loc.gov/standards/marcxml/schema/MARC21slim.xsd"
    xmlns="http://www.loc.gov/MARC21/slim">

  <leader>00690nam a2200193   4500</leader>
  <datafield tag="999" ind1=" " ind2=" ">
    <subfield code="c">4530</subfield>
    <subfield code="d">4530</subfield>
  </datafield>
  <controlfield tag="001">5395</controlfield>
  <controlfield tag="005">20190722153537.0</controlfield>
  <controlfield tag="008">190722b           ||||| |||| 00| 0 eng d</controlfield>
  <datafield tag="020" ind1="0" ind2="0">
    <subfield code="a">9789993614555</subfield>
  </datafield>
  <datafield tag="090" ind1="0" ind2="0">
    <subfield code="a">248.3 J329v 2009</subfield>
  </datafield>
  <datafield tag="100" ind1="0" ind2="0">
    <subfield code="a">Jamtsho, Thinley.</subfield>
  </datafield>
  <datafield tag="245" ind1="0" ind2="0">
    <subfield code="a">&#xF56;&#xF5E;&#xF74;&#xF42;&#xF66;&#xF0C;&#xF42;&#xFB2;&#xF63;&#xF0C;&#xF55;&#xF74;&#xF53;&#xF0C;&#xF66;&#xF74;&#xF58;&#xF0C;&#xF5A;&#xF7C;&#xF42;&#xF66;&#xF0C;&#xF54;&#xF0C;&#xF51;&#xF44;&#xF0C;&#xF47;&#xF0C;&#xF58;&#xF46;&#xF7C;&#xF51;&#xF0C;&#xF40;&#xFB1;&#xF72;&#xF0C;&#xF58;&#xF46;&#xF7C;&#xF51;&#xF0C;&#xF5A;&#xF72;&#xF42;&#xF0D;</subfield>
    <subfield code="c">Translated by Thinley Jamtsho.</subfield>
  </datafield>
  <datafield tag="260" ind1="0" ind2="0">
    <subfield code="a">Thimphu :</subfield>
    <subfield code="b">The Centre for Bhutan Studies,</subfield>
    <subfield code="c">2009.</subfield>
  </datafield>
  <datafield tag="300" ind1="0" ind2="0">
    <subfield code="a">75 p. ; 25 cm.</subfield>
  </datafield>
  <datafield tag="500" ind1=" " ind2=" ">
    <subfield code="a">In English and Dzongkha</subfield>
  </datafield>
  <datafield tag="650" ind1="0" ind2="0">
    <subfield code="a">Buddhism --Prayers and devotions.</subfield>
  </datafield>
  <datafield tag="942" ind1=" " ind2=" ">
    <subfield code="2">ddc</subfield>
    <subfield code="c">DZONGKHA</subfield>
  </datafield>
  <datafield tag="952" ind1=" " ind2=" ">
    <subfield code="0">0</subfield>
    <subfield code="1">0</subfield>
    <subfield code="2">ddc</subfield>
    <subfield code="4">0</subfield>
    <subfield code="7">0</subfield>
    <subfield code="8">DZONGKHA</subfield>
    <subfield code="a">RTCLIB</subfield>
    <subfield code="b">RTCLIB</subfield>
    <subfield code="c">DZONGKHA</subfield>
    <subfield code="d">2021-03-01</subfield>
    <subfield code="h"> </subfield>
    <subfield code="i">8724</subfield>
    <subfield code="l">1</subfield>
    <subfield code="m">1</subfield>
    <subfield code="o">248.3  JAM</subfield>
    <subfield code="p">30008956</subfield>
    <subfield code="r">2022-01-12 00:00:00</subfield>
    <subfield code="s">2020-03-02</subfield>
    <subfield code="w">2018-11-27</subfield>
    <subfield code="y">DZONGKHA</subfield>
  </datafield>
  <datafield tag="952" ind1=" " ind2=" ">
    <subfield code="0">0</subfield>
    <subfield code="1">0</subfield>
    <subfield code="2">ddc</subfield>
    <subfield code="4">0</subfield>
    <subfield code="7">0</subfield>
    <subfield code="8">RCSC</subfield>
    <subfield code="a">RTCLIB</subfield>
    <subfield code="b">RTCLIB</subfield>
    <subfield code="c">RCSC </subfield>
    <subfield code="d">2021-03-01</subfield>
    <subfield code="h">14807</subfield>
    <subfield code="l">0</subfield>
    <subfield code="o">248.3 JAM</subfield>
    <subfield code="p">30014179</subfield>
    <subfield code="r">2021-03-01 00:00:00</subfield>
    <subfield code="w">2021-03-01</subfield>
    <subfield code="y">RCSC BOOKS</subfield>
  </datafield>
</record>
